[Event "Geraardsbergen op"]
[Site "Geraardsbergen"]
[Date "2003.08.15"]
[Round "3"]
[White "Van Amerongen, Arjen"]
[Black "Hautekeete, Johan"]
[Result "1-0"]
[WhiteElo "1951"]
[BlackElo "1617"]
[PlyCount "65"]
[EventDate "2003.08.??"]
[EventType "swiss"]
[EventRounds "7"]
[EventCountry "BEL"]
[SourceTitle "EXT 2005"]
[Source "ChessBase"]
[SourceDate "2004.11.15"]
[SourceVersion "1"]
[SourceVersionDate "2004.11.15"]
[SourceQuality "1"]

1. e4 e6 2. d4 d5 3. e5 c5 4. c3 Nc6 5. Nf3 Qb6 6. a3 Nh6 7. b4 cxd4 8. cxd4 Nf5 9. Be3 Be7 10. Bd3 Bd7 11. 0-0 0-0 12. Nc3 Nxe3 13. fxe3 f5 14. exf6 Rxf6 15. Ra2 Raf8 16. Raf2 a6 17. Bb1 g6 18. Ba2 Qa7 19. g3 Bd6 20. Kg2 Ne7 21. e4 Bc7 22. exd5 Nxd5 23. Nxd5 exd5 24. Bxd5+ Kg7 25. Qd2 Bb5 26. Re1 Bd6 27. Re6 Bd7 28. Rxf6 Rxf6 29. Ne5 Bf5 30. g4 Be6 31. Bxe6 Rxe6 32. Rf7+ Kg8 33. Qh6 1-0